Environmental protection: environmental impact assessment (Record no. 72698)

MARC details
000 -LEADER
fixed length control field 01510cam a2200241 4500
001 - CONTROL NUMBER
control field ABS66697
008 - FIXED-LENGTH DATA ELEMENTS--GENERAL INFORMATION
fixed length control field 030520n2003 000 0 eng u
035 ## - SYSTEM CONTROL NUMBER
System control number (Sirsi) u122331
100 ## - MAIN ENTRY--PERSONAL NAME
Personal name Welsh, L.
245 ## - TITLE STATEMENT
Title Environmental protection: environmental impact assessment
260 ## - PUBLICATION, DISTRIBUTION, ETC.
Date of publication, distribution, etc. 2003
490 ## - SERIES STATEMENT
Series statement Scottish Planning and Environmental Law
Volume/sequential designation (96) April 2003, 35-37(3)
520 ## - SUMMARY, ETC.
Summary, etc. Focus on Environmental Impact Assessment (EIA). Outlines the history and legal framework of EIA, highlighting EU directives 85/337/EEC and 97/11/EC and Scottish legislation and guidance such as Circular 15/1999 and PAN 58. Explains the two-stage process for EIA which requires a decision on whether EIA is needed and if it is, what should be covered in the environmental statement. Examines the EIA procedure in more detail with reference to "R v Bromley LBC and another ex p Barker" (WB3747-25) "Berkeley v SoS Environment and others" (X110857) also discusses case law relating to the 'screening opinion' and the 'scoping opinion'. Concludes with an update of the latest EIA advice in England and Europe. Flow chart to establish whether a proposed development requires EIA.
590 ## - LOCAL NOTE (RLIN)
Local note ABS
650 ## - SUBJECT ADDED ENTRY--TOPICAL TERM
Topical term or geographic name entry element ENVIRONMENTAL IMPACT ASSESSMENTS
650 ## - SUBJECT ADDED ENTRY--TOPICAL TERM
Topical term or geographic name entry element R V BROMLEY LBC AND ANOTHER EX P BARKER
650 ## - SUBJECT ADDED ENTRY--TOPICAL TERM
Topical term or geographic name entry element BERKELEY V SOS ENVIRONMENT AND OTHERS
650 ## - SUBJECT ADDED ENTRY--TOPICAL TERM
Topical term or geographic name entry element SUSTAINABLE DEVELOPMENT
650 ## - SUBJECT ADDED ENTRY--TOPICAL TERM
Topical term or geographic name entry element ENVIRONMENTAL STATEMENTS
650 ## - SUBJECT ADDED ENTRY--TOPICAL TERM
Topical term or geographic name entry element SCOTLAND
690 ## - LOCAL SUBJECT ADDED ENTRY--TOPICAL TERM (OCLC, RLIN)
Topical term or geographic name as entry element ENVIRONMENTAL AND LAND CONSULTANCY
942 ## - ADDED ENTRY ELEMENTS (KOHA)
Suppress in OPAC 0
Holdings
Withdrawn status Lost status Source of classification or shelving scheme Damaged status Not for loan Home library Current library Shelving location Date acquired Total Checkouts Full call number Barcode Date last seen Copy number Price effective from Koha item type
    Dewey Decimal Classification     London London Journal article 20/05/2003   ABS66697 122331-1001 06/08/2019 1 06/08/2019 Journal article